Willoughby Tucker, I'll Always Love You - Album (Ethel Cain) - Statistics

General Stats
  • This quiz has been taken 30 times
  • The average score is 10 of 10
Answer Stats
# Title % Correct
3. Fuck Me Eyes
100%
1. Janie
100%
4. Nettles
100%
5. Willoughby's Interlude
100%
2. Willoughby's Theme
100%
8. Radio Towers
96%
9. Tempest
96%
10. Waco, Texas
96%
7. A Knock At The Door
91%
6. Dust Bowl
91%
No matching quizzes found
Score Distribution
Percent of People with Each Score
Percentile by Number Answered
Your Score History
You have not taken this quiz